00608nam a2200157 a 450000100100000000500170001000800410002704000250006808200150009324500580010826001010016630000280026770000250029595201130032099900170043300002741520200930030822.0110331s1990 xxua 000 0 spa d aDO-SdBNPbspacBNPHU axxxxbE87m00aEugenio María de Hostos /ccompilador Amin C. Cruz. aEstados Unidos :bFundación del Libro Dominicano en New YorkbHostos Community College,c1990. a144 p. :bil. ;c19 cm.1 aCruz, Amin C.954486 001050718MOaPDbPDcCTd2011-03-31iLF1l0oxxxx E87mp27415-10r2020-06-25w2020-06-25y1ZNo se presta c26907d26907